Služby v kontextu podnikatelského prostředí České republiky

Rozdieľnosť postavenia sektora služieb v jednotlivých krajoch Českej republiky z hľadiska ich typológie. Posúdenie vplyvu sektora služieb podľa ekonomickej úrovne krajov a rozdiel vo výskyte kategórií služieb medzi regiónmi v ČR.

Enregistré dans:
Détails bibliographiques
Auteur principal: Žižka, Miroslav
Format: Chapitre de livre
Langue:tchèque
Sujets:
Tags: Ajouter un tag
Pas de tags, Soyez le premier à ajouter un tag!

MARC

LEADER 00000naa a2200000 4500
001 0163045
005 20231207102016.9
041 0 |a cze 
044 |a CZ 
245 1 0 |a Služby v kontextu podnikatelského prostředí České republiky  |c Miroslav Žižka 
520 |a Rozdieľnosť postavenia sektora služieb v jednotlivých krajoch Českej republiky z hľadiska ich typológie. Posúdenie vplyvu sektora služieb podľa ekonomickej úrovne krajov a rozdiel vo výskyte kategórií služieb medzi regiónmi v ČR. 
610 2 0 |a Česko 
610 2 0 |a prostredie podnikateľské 
610 2 0 |a služby 
610 2 0 |a sektor terciárny 
610 2 0 |a kvalita služieb 
610 2 0 |a marketing služieb 
610 2 0 |a pohyb služieb voľný 
100 1 |a Žižka, Miroslav